000
00321nam a2200133Ia 4500
005
20251222144844.0
008
251222s9999||||xx |||||||||||||| ||spa||
020
_a
84-7592-167-1
082
_a
610.736.1/C68
100
_a
Clausen, Joy P.
245
0
_a
Situaciones de Urgencia Inmediata
264
_b
Doyma
942
_c
LIB
999
_c
21360
_d
21360